North Dakota's original 45 counties - Statistics

General Stats
  • This quiz has been taken 3 times
  • The average score is 37 of 45
Answer Stats
County Year Created % Correct
Billings 1879
100%
Bottineau 1873
100%
Bowman 1883
100%
Burleigh 1873
100%
Cass 1873
100%
Cavalier 1873
100%
Dickey 1881
100%
Emmons 1879
100%
Griggs 1882
100%
LaMoure 1873
100%
Logan 1873
100%
Oliver 1885
100%
Pembina 1849 (Minnesota Territory), reestablished 1867 (Dakota Territory)
100%
Renville 1873
100%
Richland 1873
100%
Sargent 1883
100%
Sheridan 1873
100%
Stark 1879
100%
Traill 1875
100%
Walsh 1881
100%
Ward 1888
100%
Adams 1885
67%
Barnes 1875
67%
Benson 1883
67%
Dunn 1883
67%
Eddy 1885
67%
Foster 1873
67%
Grand Forks 1873
67%
Hettinger 1883
67%
Kidder 1873
67%
McHenry 1873
67%
McIntosh 1883
67%
McLean 1883
67%
Mercer 1875
67%
Morton 1873
67%
Mountrail 1873
67%
Nelson 1883
67%
Pierce 1887
67%
Ramsey 1873
67%
Ransom 1873
67%
Rolette 1873
67%
Steele 1883
67%
Stutsman 1873
67%
Towner 1883
67%
Wells 1873
33%
No matching quizzes found
Score Distribution
Percent of People with Each Score
Percentile by Number Answered
Your Score History
You have not taken this quiz